| 000 | 00852 a2200205 4500 | ||
|---|---|---|---|
| 003 | Nust | ||
| 005 | 20221231152253.0 | ||
| 020 | _a0071143203 | ||
| 040 | _cNust | ||
| 082 | _a621.4022,HOL | ||
| 100 | _aJ.P.Holman | ||
| 245 |
_aHeat transfer / _cJ.P.Holman |
||
| 250 | _a8th ed. | ||
| 260 |
_aNew York _bMcGraw Hill _c1997 |
||
| 300 | _a696p | ||
| 505 | _a Introduction (Page-1), Steady State Conduction One Dimension (Page-26), Steady State Conduction Multiple Dimensions (Page-76), Unsteady State Conductions (Page-140), Principles of Convection (Page-218), Empirical and Particle Relation for Forced Convection Heat Transfer (Page-283), Radiation Heat Transfer (Page-394), Condensation and Boiling Heat Transfer (Page-517), Heat Exchangers (Page-553). | ||
| 600 |
_aJ.P.Holman _9106570 |
||
| 650 |
_aHeat Tansfer _9106571 |
||
| 942 |
_2ddc _cBK |
||
| 999 |
_c184011 _d184011 |
||